LEADER 00899nam 2200277 450 001 996688074003316 005 20260226174011.0 100 $a20251105d1978----km y0itay5003 ba 101 0 $aita 102 $aIT 105 $ay 00 y 200 1 $a<> posizione dominante qualitativa$eprofili interpretativi nell'art. 86 del Trattato CEE nel caso Chiquita$fPiero Pennetta 210 $a[S.l.$cs.n.]$d1978 215 $a[312]-337 p.$d25 cm 300 $aTitolo della copertina 300 $aEstratto da: Rivista di diritto europeo, anno 18, n. 3 (lug.-set. 1978) 606 0 $aMonopoli$xTrattati economici$2BNCF 676 $a338.82 700 1$aPENNETTA,$bPiero$0230641 801 0$aIT$bcba$gREICAT 912 $a996688074003316 951 $aXVI.7.Misc. 571$b577 FBUO$cXVI.7.Misc. 959 $aBK 969 $aFBUO 996 $aPosizione dominante qualitativa$94544946 997 $aUNISA